Research Methodology (Record no. 15)

MARC details
000 -LEADER
fixed length control field 00369nam a22001577a 4500
005 - DATE AND TIME OF LATEST TRANSACTION
control field 20160426124935.0
008 - FIXED-LENGTH DATA ELEMENTS--GENERAL INFORMATION
fixed length control field 160426b xxu||||| |||| 00| 0 eng d
020 ## - INTERNATIONAL STANDARD BOOK NUMBER
ISBN 81-7022-267-2
041 ## - LANGUAGE CODE
Language code of text/sound track or separate title eng
082 ## - DEWEY DECIMAL CLASSIFICATION NUMBER
Item number 00089
100 ## - MAIN ENTRY--AUTHOR NAME
Personal name Mishra, R.P.
245 ## - TITLE STATEMENT
Title Research Methodology
260 ## - PUBLICATION, DISTRIBUTION, ETC. (IMPRINT)
Place of publication New Delhi
Name of publisher Concept Publishing Co.,
Year of publication 2002
300 ## - PHYSICAL DESCRIPTION
Number of Pages 89
942 ## - ADDED ENTRY ELEMENTS (KOHA)
Koha item type Books
Holdings
Lost status Damaged status Home library Date acquired Cost, normal purchase price Full call number Accession Number Koha item type
    JRU Library 26/04/2016 120.00 00089 00089 Books